00531nam a2200193 a 4500001001300000003000900013005001700022008004100039020000900080082001800089100003000107245004400137260005200181300000900233500003500242505001000277650002000287700003000307nice12345678IN_TiNIC20260116013456.0050524s1993 pata grp 000 0 urd  ac4000a294.5436bABR aAbr, Lala Bal Kishan Batr aHinduon Ke Teuharb Festivals of Hindus aPatnabKhuda Bakhsh Oriental Pub. Libraryc1993 a102p aincludes index and biblioraphy2 aIndex aFestivals-Hindu1 aAbr, Lala Bal Kishan Batr